000 01079nam a22003257a 4500
003 CHAP
005 20220329133414.0
008 971013s1990 r 00010 d
010 _a6002
011 _a6974
035 _a6197
040 _cCHAP
082 _a630.715041
_bB7
100 0 0 _aBritton, Denis.
_915454
245 _aAgriculture in Britain
_b: changing pressure and policies
260 _aWallingford, England :
_bC.A.B. International,
_c1990
300 _a215 p.
_b: ilus. ; gráfs.
500 _a60-144
590 _aBATCH-UPD
_b10
_c20130110
_lUCH01
_h0036
590 _aBATCH-UPD
_b10
_c20130110
_lUCH01
_h2155
590 _aBATCH-UPD
_b10
_c20130409
_lUCH01
_h2020
590 _aBATCH-UPD
_b10
_c20130410
_lUCH01
_h1503
590 _aBATCH-UPD
_b10
_c20130913
_lUCH01
_h2130
590 _aCONVERSION
_b10
_c20130109
_lUCH01
_h1304
650 1 4 _aAgricultura
_zGran Bretaña.
_91926
650 1 4 _aPolítica agrícola
_xGran Bretaña.
_990320
901 _aBK
942 _cLIBRO
949 _a630.715041 B7
_bBC
_cLIBRO
_d33724000034351
_eLIBRO
_gI.166655
_h83021
_i6197
_si
_t117.00
999 _c6002
_d6002